Oki - 47universe - Statystyki

Ogólne statystyki
  • Ten quiz został rozwiązany 23 razy
  • Średni wynik to 7 z 9
Statystyki odpowiedzi
Numer Tytuł % Poprawnych
8 Whoop?
95%
9 Vestax
86%
2 Drug
76%
4 Fre4sty7e
76%
6 Pokolenie 98
76%
1 47universe Arrival
71%
5 Zimna Wódka
71%
3 Bije W Serce
67%
7 Muszę Żyć
67%
Nie znaleziono quizów pasujących do podanych kryteriów
Rozkład punktacji
Procent ludzi z każdym wynikiem
Percentyl według liczby udzielonych odpowiedzi
Twoja historia wyników
Nie rozwiązałeś tego quizu